000 01016nam a22003137a 4500
003 CHAP
005 20220329140509.0
008 971013s1964 r 00010 d
010 _a52838
011 _a53810
035 _a57960
040 _cCHAP
082 _a634.955
_bW75
100 0 0 _aWright, Jonathan W.
_9122804
245 _aMejoramiento genética de los árboles forestales
260 _aRoma :
_bFAO,
_c1964
300 _a436 p.
_b: ilus.
490 _aEstudios de silvicultura y productos forestales
_v; 16
590 _aBATCH-UPD
_b10
_c20130110
_lUCH01
_h0255
590 _aBATCH-UPD
_b10
_c20130110
_lUCH01
_h2318
590 _aBATCH-UPD
_b10
_c20130409
_lUCH01
_h2326
590 _aBATCH-UPD
_b10
_c20130914
_lUCH01
_h1537
590 _aCONVERSION
_b10
_c20130109
_lUCH01
_h1329
650 1 4 _aGenética forestal.
_947489
830 0 _aEstudios de silvicultura y productos forestales
_v; 16
_938536
901 _aBK
942 _cLIBRO
949 _a634.955 W75
_bBC
_cLIBRO
_d-125879
_eLIBRO
_h23780
_i57960
_si
999 _c52838
_d52838